Rozhodovanie v procese plánovania osobnej kariéry a v politike riadenia kariéry v podniku

Bibliographic Details
Main Author: Matulčíková, Marta, 1964- (Author)
Format: Article
Language:Slovak
ISSN:1336-1732
Subjects:

MARC

LEADER 00000nab a2200000 a 4500
001 vtls008771994
003 SK-MaSNL
005 20260304144430.0
008 250505c2006 xo qr|p|||||||000 b|slo
015 |a SNBRB2006/06  |2 snkbucl 
035 |a (uuid)78a94d55-e605-4032-a84f-2b308816b609 
035 |a urn:nbn:sk:snk-abxbc 
035 |a (urnnbn)urn:nbn:sk:snk:ar-a04kcf 
038 |a SNKBUCL 
040 |a SNKBUCL  |b slo  |c SNKBUCL  |e AACR2 
041 0 |a slo  |b eng  |b slo 
044 |a xo  |c SK 
080 |a 331.101.3  |2 1997 
100 1 |a Matulčíková, Marta,  |d 1964-  |4 aut  |9 194630 
245 1 0 |a Rozhodovanie v procese plánovania osobnej kariéry a v politike riadenia kariéry v podniku  |c Marta Matulčíková 
504 |a Bibliogr. odkazy 
546 |a Res. angl., slov. 
650 0 7 |a rozvoj kariéry  |2 snkbucl  |9 79312 
650 0 7 |a plánovanie  |2 snkbucl  |9 15324 
650 0 7 |a rozhodovanie  |2 snkbucl  |9 1671 
773 0 |t Nová ekonomika = The New Economy  |g Roč. 5., č. 2 (15) (2006), s. 62-71  |x 1336-1732 
850 |a Slovenská národná knižnica 
852 |a Slovenská národná knižnica 
954 |a odborná, vedecká literatúra pôvodná (slovenská)  |2 lita 
958 |a article2022 
958 |a NB 
958 |a OND 
958 |a EUIPO 
999 |c 2931270  |d 2933200